Visualizzazione normale
Vista MARC
- Sanz Artibucilla, José María
di Personal Name
Records bibliografici associati: 1
001 - CONTROL NUMBER
- control field: 7767
003 - CONTROL NUMBER IDENTIFIER
- control field: IT-RoINE
005 - DATE AND TIME OF LATEST TRANSACTION
- control field: 20140516152557.0
008 - FIXED-LENGTH DATA ELEMENTS
- fixed length control field: 140516|| aca||aabn | a|a d
040 ## - CATALOGING SOURCE
- Original cataloging agency: IT-RoINE
- Transcribing agency: IT-RoINE
100 ## - HEADING--PERSONAL NAME
- Personal name: Sanz Artibucilla, José María
670 ## - SOURCE DATA FOUND
- Source citation: Work cat.: (IT-RoINE)0: Sanz Artibucilla, José María, Historia de la fidelísima y vencedora ciudad de Tarazona /, 1929-1930.